书目信息 |
| 题名: |
中文书目数据制作
|
|
| 作者: | 陈荔京 , 顾犇 , 毛雅君 主编 ;全国图书馆联合编目中心 , 国家图书馆 编 | |
| 分册: | ||
| 出版信息: | 北京 国家图书馆出版社 2013 |
|
| 页数: | 369页 | |
| 开本: | 26cm | |
| 丛书名: | 全国图书馆联合编目中心使用手册 | |
| 单 册: | ||
| 中图分类: | G254.31 | |
| 科图分类: | ||
| 主题词: | 中文文献--Zhong Wen Wen Xian--书目数据--文献著录--手册 , 中文文献--Zhong Wen Wen Xian , 书目数据--Shu Mu Shu Ju , 文献著录--Wen Xian Zhu Lu | |
| 电子资源: | ||
| ISBN: | 978-7-5013-5162-6 | |
| 000 | 01652nam 2200361 450 | |
| 001 | 012024000080 | |
| 005 | 20241025180344.0 | |
| 010 | @a978-7-5013-5162-6@dCNY100.00 | |
| 100 | @a20241025d2013 em y0chiy50 ea | |
| 101 | 0 | @achi |
| 102 | @aCN@b110000 | |
| 105 | @ay z 000yy | |
| 106 | @ar | |
| 200 | 1 | @a中文书目数据制作@AZhong Wen Shu Mu Shu Ju Zhi Zuo@d= Manual for the production of Chinese bibliographic data@f全国图书馆联合编目中心, 国家图书馆中文采编部编@zeng |
| 210 | @a北京@c国家图书馆出版社@d2013 | |
| 215 | @a369页@d26cm | |
| 225 | 2 | @a全国图书馆联合编目中心使用手册@AQuan Guo Tu Shu Guan Lian He Bian Mu Zhong Xin Shi Yong Shou Ce@h第一辑 |
| 314 | @a主编:陈荔京,顾犇,毛雅君 | |
| 330 | @a本书分为“中文书目数据制作总则”、“中文普通图书书目数据编制细则”、“各类文献书目数据编制特点”三篇。从编目规则到著录实践,文献类型涵盖了普通图书、连续性资源、音像电子资源和学位论文,并对每个著录要点都提供数据样例。 | |
| 410 | 0 | @12001 @a全国图书馆联合编目中心使用手册 |
| 510 | 1 | @aManual for the production of Chinese bibliographic data@zeng |
| 606 | 0 | @a中文文献@AZhong Wen Wen Xian@x书目数据@x文献著录@j手册 |
| 606 | 0 | @a中文文献@AZhong Wen Wen Xian |
| 606 | 0 | @a书目数据@AShu Mu Shu Ju |
| 606 | 0 | @a文献著录@AWen Xian Zhu Lu |
| 690 | @aG254.31@v5 | |
| 701 | 0 | @a陈荔京@AChen Li Jing@c(女)@4主编 |
| 701 | 0 | @a顾犇@AGu Ben@f(1961.12~)@4主编 |
| 701 | 0 | @a毛雅君@AMao Ya Jun@c(女)@4主编 |
| 712 | 02 | @a全国图书馆联合编目中心@AQuan Guo Tu Shu Guan Lian He Bian Mu Zhong Xin@4编 |
| 712 | 02 | @a国家图书馆@AGuo Jia Tu Shu Guan@b中文采编部@4编 |
| 801 | 0 | @aCN@bAHXH@c20241025 |
| 905 | @b214161422@dG254.31@e203@f1 | |
| 中文书目数据制作= Manual for the production of Chinese bibliographic data/全国图书馆联合编目中心, 国家图书馆中文采编部编.-北京:国家图书馆出版社,2013 |
| 369页;26cm.-(全国图书馆联合编目中心使用手册.第一辑) |
| ISBN 978-7-5013-5162-6:CNY100.00 |
| 本书分为“中文书目数据制作总则”、“中文普通图书书目数据编制细则”、“各类文献书目数据编制特点”三篇。从编目规则到著录实践,文献类型涵盖了普通图书、连续性资源、音像电子资源和学位论文,并对每个著录要点都提供数据样例。 |
| ● |
| 相关链接 |
|
|
|
|
正题名:中文书目数据制作
索取号:G254.31/203
 
预约/预借
| 序号 | 登录号 | 条形码 | 馆藏地/架位号 | 状态 | 备注 |
| 1 | 1416142 | 214161422 | 第一样本阅览室/ [索取号:G254.31/203] | 在馆 |